000 00368 a2200157 4500
001 47459
020 _a9788535632958
040 _cAnchieta - Aquarius
100 _aModéré, Armelle
240 1 0 _aMeu primeiro dia na escola
_lpor
245 1 0 _aMeu primeiro dia na escola
300 _a35p.
362 0 _a2013
650 4 _aLiteratura infanto-juvenil
942 _cBK
999 _c47459
_d47459